A Transzatlanti kereskedelem és a tengeri szállítmányozás kapcsolatának a vizsgálata az elmúlt évek során
| Szerző: | |
|---|---|
| További közreműködők: | |
| Dokumentumtípus: | Diplomadolgozat |
| Kulcsszavak: | EU és az USA gazdasági válság(ok) globális válság kereskedelem szállítmányozás |
| Online Access: | http://dolgozattar.uni-bge.hu/59689 |
MARC
| LEADER | 00000nta a2200000 i 4500 | ||
|---|---|---|---|
| 001 | dolg59689 | ||
| 005 | 20260409145429.0 | ||
| 008 | 260409suuuu hu om 000 hun d | ||
| 040 | |a BGE Dolgozattár Repozitórium |b hun | ||
| 041 | |a hu | ||
| 100 | 1 | |a Székely Bálint Attila | |
| 245 | 1 | 2 | |a A Transzatlanti kereskedelem és a tengeri szállítmányozás kapcsolatának a vizsgálata az elmúlt évek során |c Székely Bálint Attila |h [elektronikus dokumentum] |
| 520 | 3 | |a A dolgozat az Európai Unió és az Egyesült Államok közötti kereskedelemben vizsgálja a tengeri szállítmányozás szerepét. Bemutatja, hogy mennyire van fontos szerepe a két régió gazdaságában az egymással való kereskedelemnek, összehasonlítva más országokkal való kereskedelemmel. Valamint az elmúlt évek válságainak hatását a kereskedelemre és a tengeri szállítmányozásra. Ebben bemutatásra kerül a Covid válság, a vörös - tengeri válság és az orosz ukrán háború kereskedelemre és a transzatlanti szállítmányozásra. Ez utóbbinak a feltárására tengeri szállítmányozásban dolgozó interjúalanyokkal készültek interjúk. | |
| 695 | |a EU és az USA | ||
| 695 | |a gazdasági válság(ok) | ||
| 695 | |a globális válság | ||
| 695 | |a kereskedelem | ||
| 695 | |a szállítmányozás | ||
| 700 | 1 | |a Kozár Dr. László |e ths | |
| 856 | 4 | 0 | |u http://dolgozattar.uni-bge.hu/59689/1/Szakdolgozat-v%C3%A9gleges%20-%20Sz%C3%A9kely%20B%C3%A1lint%20E4N4SS.pdf |z Dokumentum-elérés |
| 856 | 4 | 0 | |u http://dolgozattar.uni-bge.hu/59689/2/Sz%C3%A9kely.b%C3%ADr.pdf |z Dokumentum-elérés |
| 856 | 4 | 0 | |u http://dolgozattar.uni-bge.hu/59689/3/BA%20KM%20Sz%C3%A9kely%20B%C3%A1lint_Koz%C3%A1r%20.pdf |z Dokumentum-elérés |